00727nam a2200265 b 4500001000200000003000900002005001700011008004100028016001300069017000900082020001500091035001300106040002500119041001100144080000600155100002800161240003700189245010500226250001200331260003000343300002600373490001900399700002400418830001900442 DO-SdBNP20180221095339.0981019s1992 sp | ||| ||spa 7 a 2BPMSU a b  a8439286937 a(OCoLC)  aBPMSUbspacBPMSUe 1 aspah  0a 1 aWilde, Oscard1854-190014aThe remarkable rocketlEspañol13aEl famoso cohete /h cOscar Wilde ; ilustraciones de Julia Díaz ;traducción, Úrsula R. Hesles a3ª ed. aMadrid : bGaviota,c1998 a68 p. :bil. ;c19 cm aGaviota-junior1 aHesles, Úrsula R. aGaviota-junior